Systém inteligentnej garáže

Enregistré dans:
Détails bibliographiques
Auteur principal: Farkas, Zoltán (Auteur)
Autres auteurs: Bucz, Štefan (Directeur de thèse)
Format: Manuscrit Livre
Langue:slovaque
Publié: Bratislava : STU v Bratislave FEI, 2025
Sujets:
Accès en ligne:https://opac.crzp.sk/?fn=detailBiblioFormChildMV7HF&sid=8D80AD18777FCC7F64BDB14DC29E&seo=CRZP-detail-kniha
Tags: Ajouter un tag
Pas de tags, Soyez le premier à ajouter un tag!

MARC

LEADER 00000ntm a22000003a 4500
001 stuzp101935
003 SK-STU
005 20251105140148.6
007 ta
008 150427s2015----xo-----f-mn---000-0-slo-d
040 |a STU  |b slo 
041 0 |a slo 
044 |a xo 
100 1 |a Farkas, Zoltán  |u 035000  |4 aut  |U FEI Fakulta elektrotechniky a informatiky  |T FEI Ústav informatiky a matematiky  |X 120406  |U E050  |Y 816  |7 120406 
242 0 1 |a Intelligent garage system  |y eng 
245 1 0 |a Systém inteligentnej garáže 
260 |a Bratislava :  |b STU v Bratislave FEI,  |c 2025 
300 |a 62 s. 
650 4 |a Arduino  |2 slo 
650 4 |a ESP32  |2 slo 
650 4 |a autonómny robot  |2 slo 
650 4 |a ArUco  |2 slo 
650 4 |a OpenCV  |2 slo 
650 4 |a parkovanie  |2 slo 
650 4 |a Python  |2 slo 
650 4 |a self-driving robot  |2 eng 
650 4 |a OpenCV  |2 eng 
650 4 |a Arduino  |2 eng 
650 4 |a ESP32  |2 eng 
650 4 |a ArUco  |2 eng 
650 4 |a parking  |2 eng 
650 4 |a Python  |2 eng 
700 1 |a Bucz, Štefan  |4 ths  |X 17719  |7 A000017719 
856 4 |u https://opac.crzp.sk/?fn=detailBiblioFormChildMV7HF&sid=8D80AD18777FCC7F64BDB14DC29E&seo=CRZP-detail-kniha